Распределение нагрузки в территориально разнесенном кластере персональных компьютеров; Технологии Microsoft в теории и практике программирования

Podrobná bibliografie
Parent link:Технологии Microsoft в теории и практике программирования.— 2016.— [С. 152-154]
Hlavní autor: Нагиев А. Е.
Korporativní autor: Национальный исследовательский Томский политехнический университет (ТПУ) Институт кибернетики (ИК) Кафедра информатики и проектирования систем (ИПС)
Další autoři: Ботыгин И. А. Игорь Александрович (научный руководитель)
Shrnutí:Заглавие с титульного экрана
The method of load balancing in a horizontally scalable computing systems based on the using of multithreading and parallelization is designed. Data processing occurred with a different number of model connected calculators by using the proposed method.
Jazyk:ruština
Vydáno: 2016
Edice:Информационно-телекоммуникационные технологии. Информационная безопасность
Témata:
On-line přístup:http://earchive.tpu.ru/handle/11683/33257
Médium: MixedMaterials Elektronický zdroj Kapitola
KOHA link:https://koha.lib.tpu.ru/cgi-bin/koha/opac-detail.pl?biblionumber=620924

MARC

LEADER 00000naa2a2200000 4500
001 620924
005 20231101133133.0
035 |a (RuTPU)RU\TPU\conf\19457 
035 |a RU\TPU\conf\19456 
090 |a 620924 
100 |a 20161021d2016 k y0rusy50 ca 
101 0 |a rus 
102 |a RU 
105 |a y z 101zy 
135 |a drcn ---uucaa 
181 0 |a i  
182 0 |a b 
200 1 |a Распределение нагрузки в территориально разнесенном кластере персональных компьютеров  |f А. Е. Нагиев  |g науч. рук. И. А. Ботыгин 
203 |a Текст  |c электронный 
225 1 |a Информационно-телекоммуникационные технологии. Информационная безопасность 
230 |a 1 компьютерный файл (pdf; 715 Kb) 
300 |a Заглавие с титульного экрана 
320 |a [Библиогр.: с. 154 (5 назв.)] 
330 |a The method of load balancing in a horizontally scalable computing systems based on the using of multithreading and parallelization is designed. Data processing occurred with a different number of model connected calculators by using the proposed method. 
463 1 |0 (RuTPU)RU\TPU\conf\12653  |t Технологии Microsoft в теории и практике программирования  |o сборник трудов XIII Всероссийской научно-практической конференции студентов, аспирантов и молодых ученых, г.Томск, 22-23 марта 2016 г.  |f Национальный исследовательский Томский политехнический университет (ТПУ), Институт кибернетики ; ред. кол. А. В. Лиепиньш [и др.]  |v [С. 152-154]  |d 2016 
610 1 |a труды учёных ТПУ 
610 1 |a электронные ресурсы 
610 1 |a Java 
610 1 |a вычислительные системы 
610 1 |a параллельность 
610 1 |a вычислительные системы 
610 1 |a удаленные системы 
700 1 |a Нагиев  |b А. Е. 
702 1 |a Ботыгин  |b И. А.  |c специалист в области информатики и вычислительной техники  |c доцент Томского политехнического университета, кандидат технических наук  |f 1947-  |g Игорь Александрович  |2 stltpush  |4 727 
712 0 2 |a Национальный исследовательский Томский политехнический университет (ТПУ)  |b Институт кибернетики (ИК)  |b Кафедра информатики и проектирования систем (ИПС)  |h 124  |2 stltpush  |3 (RuTPU)RU\TPU\col\18697 
801 2 |a RU  |b 63413507  |c 20161028  |g RCR 
856 4 |u http://earchive.tpu.ru/handle/11683/33257 
942 |c BK